Quizzes
Events
Quiz Creation
Community
Videos
Private Events
Remove Ads
Sign In
Join for FREE
Feedback
Dark Mode
Quiz Categories
Sports
Geography
Music
Movies
Television
Just For Fun
Miscellaneous
History
Literature
Language
Science
Gaming
Entertainment
Religion
Holiday
For Kids
Quiz Lab
Recent
Popular Today
Quiz Kudos Today
Editor Picks
Curator Picks
Quizzes by...
Day
Popularity
Type
Ratings
Length
Year
Community
Subscriptions
Recent Discussions
Orange Saloon
Badges
Playlists
Quests
Create
Leaderboards
Showdown
Live 5
Trivia Bingo
Activity
Puzzle Library
Sporcle Events
Private Events
Virtual Trivia
Globe League
Become a Host
Pub Owners
SporcleCon
Opinionation
Our Games
Videos
Blog
Mobile Apps
Partnerships
Remove Ads and Go Orange
Feedback
History
US Presidents
World Leaders
Politics
Nation
Discovery
War
Decade
Year
Century
Biography
Art
History
US Presidents
World Leaders
Politics
Nation
Discovery
War
Decade
Year
Century
Biography
Art
Random Quiz
Search Sporcle
×
Quiz Lab
Quiz Lab
History
Mythology
Type in answers that appear in a list
Type in answers that appear in a list
Classic
Best Score? Go Orange.
Greek Mythological Creatures Stats
Can you name the Greek Mythological Creatures?
By
1jax13
10m
20 Questions
656 Plays
656 Plays
656 Plays
Comments
Comments
Give Quiz Kudos
Give Quiz Kudos
-
- Ratings
hide this ad
More Info
Replay
Link that replays current quiz
Next Quiz
Link to next quiz in quiz playlist
You Got
0%
They Got
Avg Score
50%
Avg Friend Score
Upgrade to see
Score Distribution
Jump to the score distribution portion of the page
Score
0/20
Timer
10:00
0
Plays Today
Clue
Creature
% Correct
A giant one is in Egypt
Sphinx
83.1%
Lived in a maze
Minotaur
83%
'It's a bird, it's a plane... it's a horse'
Pegasus
79.3%
Not another head...
Hydra
76.4%
Big person
Giant
75.3%
It has one of what humans have two
Cyclops
74.7%
If you've seen one, then you are a rock
Gorgon
74.6%
Most famous one was named Chiron
Centaur
70%
Hades' best friend
Cerberus
59.1%
Tree spirit
Dryad
49.2%
Clue
Creature
% Correct
Giant creature with eagle head
Griffin
48.7%
King of the kings of the jungle
Nemean Lion
41.2%
'It's a boat, it's a fish... it's a horse'
Hippocampus
37.7%
The male counterpart of #2
Satyr
35.2%
Mother of Greek monsters
Echidna
33.8%
It's the one monster in all mythology...
Dragon
23.6%
Part-
lion thing that will eat your face
Manticore
21.6%
Sea Nymph
Nereid
18.9%
Angry bird-
woman
Furie
16.3%
Looks like a bunch of jumbled up animals
Chimaera
14.6%
Quiz Playlist
Details
Report
Send in Message
Add To Playlist
More Info:
Name the Greek Mythological creatures that you learned about in 4th grade. Don't you remember those stories?
Classic:
Type in answers that appear in a list
Last Updated: Feb 16, 2017
Quiz Scoreboard
CHALLENGE
Sign Up to Join the Scoreboard
Show All
Scores
Hide
Comments
May contain spoilers
Recently Published
Billboard Blitz: Fleetwood Mac
by CooCooCachoo
Music
15s
Presidents Visiting Landmarks
by Hejman
History
7m
An Introduction to Baseball
by treessimontrees
Sports
5m
More to Explore
Quiz From the Vault
Featured Blog Post
Where Did the Easter Bunny Come From?
hide this ad
You Might Also Like...
Tags
Mythology Quiz
creature
Greek
Today's Top Quizzes in History
Browse History
hide this ad
Today's Top Quizzes in Mythology
Browse Mythology
Top Contributed Quizzes in History
1
Popular People in 1991
2
Popular People in 1981
3
Popular People in 1951
4
Popular People in 1941
5
Popular People in 1986
6
Popular People in 1976
7
Popular People in 1921
8
I Am Born On March 28th
9
5-to-1: 20th Century Images of War
10
Popular People in 1946
Explore More
Trending Topics
Disney
NBA
Crossword
Kpop
Anime
Marvel
Harry Potter
Pokémon
Soccer
NFL
The Office
Puzzle
Country
Song
WWE
hide this ad
More By:
1jax13
Quiz
Plays
Rating
Category
Featured
Created
Greek Mythological Creatures
656
2.20
History
Dec 10, 2009
Go to Creator's Profile
Score Distribution
Quiz Creator Spotlight
1jax13
Follow
Send a Message
Quizzes Created
-
Created Quiz Play Count
-
More By This Creator
Popular Quizzes Today
1
Find the US States - No Outlines Minefield
2
Find the Countries of Europe - No Outlines Minefield
3
The Countries of the World
4
Find the US States
5
US States
6
Popular People in 1961
7
Risky Map Clicking: Biggest States A-Z
8
Movies - When Are They Set?
More History Quizzes
Anyone but Abraham Lincoln
Published
Trending Quizzes
Risky Map Clicking: Least Populous States A-Z
1-10 Letter G Words
1-10 Letter F Words
Risky Map Clicking: Next State Alphabetically
'A' Boys' Names Grid
Recently Updated
Leaping Animals
pecheneg
Reality TV Shows (A-Z)
bhenderson79
Rickey Henderson's Hall of Fame Teammates
pecheneg
Champions League XIs: Arsenal
pecheneg
Quick Pick: Celebrities in WWE's Hall of Fame
aduchscher
A-Z Keypad Blitz II
pecheneg
Multiple Oscar Actors
pecheneg
Mystery Phrase Blitz: Oscar 'Best Actors'
pecheneg
F. Scott Fitzgerald Novels
LTH
Pick 3 Villains
ddd62291
Trending Topics
Disney
Crossword
Anime
NBA
Harry Potter
Kpop
Marvel
Song
Country
Pokémon
Puzzle
WWE
The Office
NFL
Soccer
Your Account Isn't Verified!
In order to create a playlist on Sporcle, you need to verify the email address you used during registration. Go to your
Sporcle Settings
to finish the process.
Report this User
Report this user for behavior that violates our
Community Guidelines
.
Details:
Send Report
Go to the Sporcle.com Mobile Site →
Comments